Tilastot visalle Punaisenmeren maat

Klikkaa tästä pelataksesi tätä visaa!

Yleistilastot

  • Tätä visaa on pelattu 749 kertaa
  • Keskiarvotulos 7 / 8

Vastaustilastot

Valtio% Oikein
Saudi-Arabia
97%
Egypti
96%
Jemen
94%
Israel
90%
Eritrea
86%
Jordania
85%
Djibouti
81%
Sudan
80%

Tulosjakauma

Persentiili vastausten määrän mukaan

Jokaisen tuloksen saaneiden osuus

Tuloshistoriasi

Et ole pelannut tätä visaa